Nagyjaink, halottaink emlékezete
Elmentve itt :
| Dokumentumtípus: | Cikk |
|---|---|
| Megjelent: |
1936
|
| Sorozat: | Gyakorlati pedagógia
2 No. 10 |
| Kulcsszavak: | Magyar irodalom - próza |
| Tárgyszavak: | |
| Online Access: | http://acta.bibl.u-szeged.hu/51294 |
| LEADER | 00606nab a2200181 i 4500 | ||
|---|---|---|---|
| 001 | acta51294 | ||
| 005 | 20250414131623.0 | ||
| 008 | 180421s1936 hu o 000 hun d | ||
| 040 | |a SZTE Egyetemi Kiadványok Repozitórium |b hun | ||
| 041 | |a hun | ||
| 245 | 0 | 0 | |a Nagyjaink, halottaink emlékezete |h [elektronikus dokumentum] |
| 260 | |c 1936 | ||
| 300 | |a 519-520 | ||
| 490 | 0 | |a Gyakorlati pedagógia |v 2 No. 10 | |
| 650 | 4 | |a Bölcsészettudományok | |
| 650 | 4 | |a Nyelvek és irodalom | |
| 695 | |a Magyar irodalom - próza | ||
| 856 | 4 | 0 | |u http://acta.bibl.u-szeged.hu/51294/1/gyakorlati_1936_010_519-520.pdf |z Dokumentum-elérés |